Open Data Biblioteca Nacional de Portugal


República Portuguesa: Ministério da Cultura
Biblioteca Nacional de Portugal

Catálogo da BNP: acesso por Identificadores Unívocos
Registos Bibliográficos associados ao registo de autoridade

Etiqueta de registo: 00000nam 2200025 450
001 2229074
003 http://id.bnportugal.gov.pt/bib/catbnp/2229074
010 ## $a978-972-8204-96-9
021 ## $aPT$b550677/25
100 ## $a20251017d2025 m d0pory01030103ba
101 0# $apor$aeng
102 ## $aPT
105 ## $aa z 000yy
106 ## $ar
200 1# $aJagozes$econtinuidade e resistência$ffot., textos Nuno Rocha, Pedro dos Reis$gtextos José Bértolo$gtrad. Ana Isabel Mendes
205 ## $a1ª ed
210 #9 $aMafra$cCâmara Municipal de Mafra,$d2025
215 ## $a207, [1] p.$cmuito il.$d27 cm
305 ## $aEd. bilingue em português e inglês
675 ## $a77Rocha, Nuno$vBN$zpor$31990811
675 ## $a77Reis, Pedro dos$vBN$zpor$31990814
675 ## $a77.04(=1:469)"20"$vBN$zpor$31426427
700 #1 $92$aRocha,$bNuno$31198094
701 #1 $aReis,$bPedro dos$4070$31564061
701 #1 $aBértolo,$bJosé$4070$31651027
702 #1 $93$aMendes,$bAna Isabel$4730$31971764
801 #0 $aPT$bBN$gRPC
856 41 $uhttp://rnod.bnportugal.gov.pt/ImagesBN/winlibimg.aspx?skey=&doc=2229074&img=220191&save=true
966 ## $lBN$mFGMON$pADLA
966 ## $lBN$mFGMON$sB.A. 53337 V.$x1
966 ## $lBN$mFGMON$sB.A. 53337 V.-D$x1
971 ## $cjbeatriz$d20251111
972 ## $e0$z0$d20251117$vlrevez
973 ## $cigoulao$d20260311

OpendataBNP@bnportugal.pt | Mais informação sobre acesso aos dados BNP